|
|
|
|
| LEADER |
00858nam a2200265 4500 |
| 001 |
DLU120136863 |
| 005 |
##20120620 |
| 040 |
# |
# |
|a DLU
|b vie
|
| 041 |
# |
# |
|a vie
|
| 044 |
# |
# |
|a vn
|
| 100 |
# |
# |
|a Phan Thị Thanh Hương,
|c ThS.
|
| 245 |
# |
# |
|a Đổi mới quản lý đào tạo đại học hệ chính quy ở học viện hành chính /
|c Phan Thị Thanh Hương.
|
| 653 |
# |
# |
|a Đào tạo đại học
|
| 653 |
# |
# |
|a Đào tạo nguồn nhân lực
|
| 653 |
# |
# |
|a Đổi mới giáo dục
|
| 773 |
# |
# |
|t Tạp chí Quản lý nhà nước
|g Số 5(172), 2010, tr. 48-51
|
| 920 |
# |
# |
|a Phòng Tạp chí -- Trung tâm Thông tin - Thư viện Trường Đại học Đà Lạt
|
| 994 |
# |
# |
|a DLU
|
| 900 |
# |
# |
|a True
|
| 911 |
# |
# |
|a Nguyễn Thị Linh Chi
|
| 925 |
# |
# |
|a G
|
| 926 |
# |
# |
|a A
|
| 927 |
# |
# |
|a BB
|
| 980 |
# |
# |
|a Thư viện Trường Đại học Đà Lạt
|